000 00298nam a22001337a 4500
008 170715b xxu||||| |||| 00| 0 eng d
020 _a043090247900159500000000
041 _aeng
080 _a2
100 _a24
101 _aTEO
245 _aA HISTORY OF GOD
_cARSMSTRONG, K
942 _2udc
_cBK
999 _c21209
_d21209